PANORAMA Malaysia yang Mengagumkan. (Record no. 142033)

MARC details
000 -LEADER
fixed length control field 01025nam a2200313 a 4500
001 - CONTROL NUMBER
control field vtls000691236
003 - CONTROL NUMBER IDENTIFIER
control field PNM
005 - DATE AND TIME OF LATEST TRANSACTION
control field 20180728150113.0
008 - FIXED-LENGTH DATA ELEMENTS--GENERAL INFORMATION
fixed length control field 120927s2010 my ao j | 000 0 eng d
015 ## - NATIONAL BIBLIOGRAPHY NUMBER
National bibliography number M13-02264
020 ## - INTERNATIONAL STANDARD BOOK NUMBER
International Standard Book Number 9789675380624 (j. 2) :
Qualifying information hardback
039 #9 - LEVEL OF BIBLIOGRAPHIC CONTROL AND CODING DETAIL [OBSOLETE]
Level of rules in bibliographic description 201306181513
Level of effort used to assign nonsubject heading access points manoriah
Level of effort used to assign subject headings 201302191147
Level of effort used to assign classification zuraidahm
Level of effort used to assign subject headings 201302191124
Level of effort used to assign classification zuraidahm
Level of effort used to assign subject headings 201302071442
Level of effort used to assign classification rasidah
040 ## - CATALOGING SOURCE
Original cataloging agency PNM
Language of cataloging eng
Transcribing agency PPAK
Modifying agency PPAK
Description conventions rda
043 ## - GEOGRAPHIC AREA CODE
Geographic area code a-my---
049 ## - LOCAL HOLDINGS (OCLC)
Holding library klpmal
082 04 - DEWEY DECIMAL CLASSIFICATION NUMBER
Classification number 915.9504
Edition number 23
090 00 - LOCALLY ASSIGNED LC-TYPE CALL NUMBER (OCLC); LOCAL CALL NUMBER (RLIN)
Classification number (OCLC) (R) ; Classification number, CALL (RLIN) (NR) 915.9504
Feature heading AYU
Feature heading K
100 0# - MAIN ENTRY--PERSONAL NAME
Personal name Ayuni Rezwan,
Relator code Author
245 10 - TITLE STATEMENT
Title PANORAMA Malaysia yang Mengagumkan.
Number of part/section of a work JILID 2 /
Statement of responsibility, etc. Ayuni Rezwan
264 #1 - PRODUCTION, PUBLICATION, DISTRIBUTION, MANUFACTURE, AND COPYRIGHT NOTICE
Place of production, publication, distribution, manufacture Seri Kembangan, Selangor :
Name of producer, publisher, distributor, manufacturer Penerbitan Premier,
Date of production, publication, distribution, manufacture, or copyright notice 2010
300 ## - PHYSICAL DESCRIPTION
Extent ii, 44ms. :
Other physical details il. wrn. ;
Dimensions 31cm.
336 ## - CONTENT TYPE
Source rdacontent
Content type term text
337 ## - MEDIA TYPE
Source rdamedia
Media type term unmediated
338 ## - CARRIER TYPE
Source rdacarrier
Carrier type term volume
490 1# - SERIES STATEMENT
Series statement SIRI 100 KEAJAIBAN MALAYSIA
Volume/sequential designation JILID 2
651 #0 - SUBJECT ADDED ENTRY--GEOGRAPHIC NAME
Geographic name Malaysia
General subdivision Description and travel
830 #0 - SERIES ADDED ENTRY--UNIFORM TITLE
Uniform title Siri 100 keajaiban Malaysia
942 ## - ADDED ENTRY ELEMENTS (KOHA)
Source of classification or shelving scheme Dewey Decimal Classification
Koha item type Book
Holdings
Withdrawn Not for loan Current library Shelving location Date acquired Full call number Barcode Date last seen Koha item type
    Perpustakaan Alor Setar Pinjaman Kanak-kanak 23/04/2018 K 915.9504 AYU A00736669 23/04/2018 Book